000 00283nam a2200109Ia 4500
008 200302s9999 xx 000 0 und d
100 _aSarah P. Harkness
245 _aBuilding Without Barriers for the Disabled
260 _bWhitney Library of Design
260 _c1976
300 _a79 P.,
999 _c138
_d138